000 00368nam a2200169Ia 4500
005 20240624101642.0
008 131103s9999 xx 000 0 und d
040 _aLoreto College
041 _aEnglish
082 _a745
_bCON
245 _aConstructing
260 _aU.S.A
_bWhitman
_c[19?]
300 _a27p
650 _aCraft
850 _aLCBED
942 _cBK
999 _c30285
_d80764